000 00849cab a2200277 4500
001 ABS59966
008 090401t1999 xxu||||| |||| 00| 0 eng d
035 _a(Sirsi) u91165
041 _aeng
100 _aWhyte, C.
245 _aBetter choices for housing
260 _c1999
350 _a0
490 _aMunicipal Journal
_v5 February 1999, 20-22(3)
520 _aLooks at alternatives to stock transfer for local authorities with funding problems, including Local Housing Corporations, Capital Challenge funding, Estate Renewal funding and PFI.
650 _aCAPITAL CHALLENGE
650 _aCOUNCIL HOUSING
650 _aESTATE RENEWAL CHALLENGE FUND
650 _aFUNDING
650 _aHOUSING STOCK
650 _aPFI
650 _aSTOCK TRANSFERS
690 _aBlock management
_96220
942 _n0
948 _c09/02/1999
999 _c57850
_d57850